000 00726nam a22001937a 4500
005 20250108153615.0
010 _aHIN-129147
020 _a9789392696343
_c295.00
035 _aHN-101493
037 _bDBAD
082 _a821
100 _aमनजीत सिंह
_976118
245 _aजब देगा तू आवाज़ /
_cमनजीत सिंह
250 _aप्रथम
260 _aदिल्ली
_bइन्द्रप्रस्थ प्रकाशन
_c2022
270 _aके-71, कृष्णा नगर
_bदिल्ली
_e110051
_k9211559886
300 _a143 पृ.
_c22 सेमी (सजिल्द)
942 _2ddc
_cHN
_h821
_mमनजी
999 _c208219
_d208219